000 01607nam a22003850a 4500
001 PT28036
003 AR-LpoUNG
005 20210202000950.0
008 191001s2007||||ag |||||||||||||||||spa d
020 _a9789879300909
_c$7
040 _aAR-LpoUNG
_bspa
_cAR-LpoUNG
_eaacr
041 _aspa
044 _aag
082 0 _a510.071 1 289mat
100 1 _aCarnelli, Gustavo
245 1 0 _aMatemática para el aprestamiento universitario
250 _a1§ edición
260 _aBuenos Aires :
_bUniversidad Nacional de General Sarmiento,
_c2007.
300 _a256 p. :
_btbls., gráfs.
505 0 _aMaterial preparado con fines de estudio o recreación, para uso exclusivo y personal de usuarios no videntes, o con otras discapacidades perceptivas.
520 _aPensado como material para el Curso de Aprestamiento Universitario de la UNGS, separado en tres módulos: contenidos del nivel medio, problemas para contextualizar conocimientos relativos a funciones numéricas elementales y funciones elementales polinómicas, racionales, exponenciales, logarítmicas y trigonométricas, representadas a través de problemas, ejercicios y complementos teóricos.
650 4 _aMATEMATICAS
651 4 _aDOCUMENTOS TEORICOS O METODOLOGICOS
653 _aALGEBRA
653 _aDISCAPACIDAD VISUAL
653 _aFUNCIONES
653 _aGEOMETRIA
653 _aINECUACIONES
700 1 _aFalsetti, Marcela
700 1 _aFormica, Alberto
700 1 _aRodríguez, Mabel A.
710 2 _aUniversidad Nacional de General Sarmiento (Buenos Aires)
905 _a28036
942 _cFOTOC
999 _c55287
_d55287